MARC details
| 000 -CABECERA |
| campo de control de longitud fija |
01860nam a2200325 a 4500 |
| 001 - NÚMERO DE CONTROL |
| campo de control |
000043750 |
| 003 - IDENTIFICADOR DEL NÚMERO DE CONTROL |
| campo de control |
DO-SdBNP |
| 005 - FECHA Y HORA DE LA ÚLTIMA TRANSACCIÓN |
| campo de control |
20240319114520.0 |
| 007 - CAMPO FIJO DE DESCRIPCIÓN FÍSICA--INFORMACIÓN GENERAL |
| campo de control de longitud fija |
ta |
| 008 - DATOS DE LONGITUD FIJA--INFORMACIÓN GENERAL |
| campo de control de longitud fija |
140422s2014 dr ad 000 0 spa d |
| 020 ## - NÚMERO INTERNACIONAL ESTÁNDAR DEL LIBRO |
| Número Internacional Estándar del Libro |
9789993450153 |
| 040 ## - FUENTE DE LA CATALOGACIÓN |
| Centro catalogador/agencia de origen |
DO-SdBNP |
| Lengua de catalogación |
spa |
| Centro/agencia transcriptor |
BNPHU |
| 082 #4 - NÚMERO DE LA CLASIFICACIÓN DECIMAL DEWEY |
| Número de documento/Ítem |
B182p |
| Número de edición |
22 |
| 245 10 - MENCIÓN DE TÍTULO |
| Título |
Balance del plan decenal de educación 2008-2018 : |
| Resto del título |
avances, desafíos y perspectivas / |
| Mención de responsabilidad, etc. |
Dinorah de Lima Jiménez,...[et. al.]; Compiladora, Magda Pepén Peguero ; Edición, Darío Tejeda. |
| 260 ## - PUBLICACIÓN, DISTRIBUCIÓN, ETC. |
| Lugar de publicación, distribución, etc. |
Santo Domingo : |
| Nombre del editor, distribuidor, etc. |
FLACSO, |
| Fecha de publicación, distribución, etc. |
2014 |
| 300 ## - DESCRIPCIÓN FÍSICA |
| Extensión |
95 p. : |
| Otras características físicas |
il., gráf. ; |
| Dimensiones |
25 cm. |
| 500 ## - NOTA GENERAL |
| Nota general |
Bibliografía y notas al pié de páginas |
| 504 ## - NOTA DE BIBLIOGRAFÍA, ETC. |
| Nota de bibliografía, etc. |
Bibliografía : p. 93-95 |
| 505 0# - NOTA DE CONTENIDO CON FORMATO |
| Nota de contenido con formato |
Preliminares. |
| Información miscelánea |
Presentación / |
| Mención de responsabilidad |
Manuel Zacarías Mejía Gómez.-- |
| Información miscelánea |
Palabras de Magda Pepén Peguero.-- |
| -- |
Palabras del Dr. César Cuello Nieto.-- |
| -- |
Disertaciones. |
| Título |
Factores que influyen sobre los Planes Decenales / |
| Mención de responsabilidad |
Dinorah de Lima Jiménez.-- |
| Título |
Avances en Implementación de la Política 3 del Plan Decenal de Educación 2008 - 2018. / |
| Mención de responsabilidad |
Rosa Vanderhorst.-- |
| Título |
Balance del Plan Decenal de Educación 2008 - 2018. Política Educativa No. 4 (sistema de evaluación). / |
| Mención de responsabilidad |
Ancell Scheker Mendoza.-- |
| Título |
Formación, permanencia y desarrollo profesional del personal docente en República Dominicana: Perspectiva, avances y desafíos. Política 6 del Plan Decenal de Educación 2008 - 2018. / |
| Mención de responsabilidad |
Miguel Ángel Moreno. |
| 590 ## - NOTA LOCAL (RLIN) |
| Nota local |
Inventariado 2022 / MF |
| 700 1# - PUNTO DE ACCESO ADICIONAL--NOMBRE DE PERSONA |
| Nombre de persona |
Lima Jiménez, Dinorah de |
| 9 (RLIN) |
57509 |
| 700 1# - PUNTO DE ACCESO ADICIONAL--NOMBRE DE PERSONA |
| Nombre de persona |
Vanderhorst, Rosa |
| 9 (RLIN) |
36833 |
| 700 1# - PUNTO DE ACCESO ADICIONAL--NOMBRE DE PERSONA |
| Nombre de persona |
Schéker Mendoza, Ancell |
| 9 (RLIN) |
19030 |
| 700 1# - PUNTO DE ACCESO ADICIONAL--NOMBRE DE PERSONA |
| Nombre de persona |
Moreno, Miguel Ángel |
| 9 (RLIN) |
78036 |
| 700 1# - PUNTO DE ACCESO ADICIONAL--NOMBRE DE PERSONA |
| Nombre de persona |
Tejeda, Darío |
| Término indicativo de función/relación |
ed. |
| 9 (RLIN) |
2540 |
| 700 1# - PUNTO DE ACCESO ADICIONAL--NOMBRE DE PERSONA |
| Nombre de persona |
Pepén Peguero, Magda |
| Término indicativo de función/relación |
comp. |
| 9 (RLIN) |
64268 |
| 710 2# - PUNTO DE ACCESO ADICIONAL--NOMBRE DE ENTIDAD CORPORATIVA |
| Nombre de entidad corporativa o nombre de jurisdicción como elemento de entrada |
Facultad Latinoamericana de Ciencias Sociales (República Dominicana) |
| 9 (RLIN) |
71583 |
| 910 ## - DATOS DE OPCIÓN DEL USUARIO (OCLC) |
| Datos de opción del usuario |
MFeliz |
| 942 ## - ELEMENTOS DE PUNTO DE ACCESO ADICIONAL (KOHA) |
| Fuente del sistema de clasificación o colocación |
Dewey Decimal Classification |
| Tipo de ítem Koha |
Libro |